000 00957 a2200289 4500
999 _c200041731
_d41697
001 200041731
003 TR-AnTOB
005 20240115141425.0
008 161219b19979999tu mn0p 0 0
022 _a0004-9964
040 _aTR-AnTOB
_cTR-AnTOB
041 0 _aeng
050 1 4 _aTR1
_b.D54
099 _aJOURNAL - AUST
222 _aAustralian photography
245 0 _aAustralian photography + digital
246 0 3 _aAustralian photography plus digital
260 _aSurry Hills, N.S.W. :
_bYaffa Publishing Group,
_c1997-
300 _av. :
_bcol. ill. ;
_c28 cm.
310 _aMonthly-8 to 12 per year (Consecutive months).
500 _aDescription based on: Spring 1997.
580 _aFormed by the union of : Digital photography & design and Australian photography (Sydney, N.S.W. : 1963).
650 0 _aPhotography
_vPeriodicals
_969354
780 1 4 _aDigital photography & design
_x1327-9432
942 _cCR
_2lcc